00583nam a2200217 a 4500003000900000005001700009008004100026040001300067100002700080245001900107250001200126260003300138300001000171490003500181650002800216650002600244650001800270650001900288650003100307653002700338AR-BaBNM20251128202724.0082120s2002 ||||||||||||||000 | spa|| cAR-BaBNM1 aOssanna, Norma B.D. de00aLa lengua oral a1ª ed. aBuenos AiresbKapeluszc1977 a63 p. 0aCuadernos pedagógicosvv. 43 4aDESARROLLO DEL LENGUAJE 4aDESARROLLO DEL NIÑO 4aDRAMATIZACION 4aEXPRESION ORAL 4aACTIVIDADES DE APRENDIZAJE aENSENANZA DE LA LENGUA